[Event "BCF-chT3 0102 (4NCL)"]
[Site "Birmingham"]
[Date "2001.09.22"]
[Round "1.7"]
[White "Sharp, Peter"]
[Black "Gosden, Raymond"]
[Result "1-0"]
[WhiteElo "2104"]
[BlackElo "1744"]
[PlyCount "45"]
[EventDate "2001.09.??"]
[EventType "team"]
[EventRounds "11"]
[EventCountry "ENG"]
[SourceTitle "EXT 2003"]
[Source "ChessBase"]
[SourceDate "2002.11.25"]
[SourceVersion "1"]
[SourceVersionDate "2002.11.25"]
[SourceQuality "1"]
[WhiteTeam "Guildford II"]
[BlackTeam "South County Stars"]
[WhiteTeamCountry "ENG"]
[BlackTeamCountry "ENG"]

1. d4 Nf6 2. c4 e6 3. g3 d5 4. Nf3 c5 5. Bg2 Nc6 6. cxd5 exd5 7. 0-0 Be7 8. dxc5 Bxc5 9. Nbd2 0-0 10. Nb3 Be7 11. Nfd4 Re8 12. Bf4 Bd6 13. Bg5 Be5 14. Nxc6 bxc6 15. Qc2 h6 16. Be3 Bd7 17. Rfd1 Bd6 18. Bc5 Bg4 19. Rd2 Ne4 20. Bxe4 Rxe4 21. Bxd6 Qxd6 22. Qxe4 Qd7 23. Qf4 1-0